Životné prostredie a ekonómia

Životné prostredie v ekonomickej teórii. Prístupy ekonómov k riešeniu problémov životného prostredia. Environmentálna záťaž ekonomiky. Určenie optima kvality životného prostredia na makroekonomickej úrovni. Environmentálna politika ako nástroj ochrany životného prostredia. Environmentálna politika E...

Descrizione completa

Salvato in:
Dettagli Bibliografici
Autore principale: Romančíková, Eva
Natura: Capitolo di libro
Lingua:slovacco
Soggetti:
Tags: Aggiungi Tag
Nessun Tag, puoi essere il primo ad aggiungerne!!

MARC

LEADER 00000naa$a2200000$$$4500
001 0036509
005 20240502071451.5
041 0 |a slo 
044 |a SK 
245 1 0 |a Životné prostredie a ekonómia  |c Eva Romančíková 
520 |a Životné prostredie v ekonomickej teórii. Prístupy ekonómov k riešeniu problémov životného prostredia. Environmentálna záťaž ekonomiky. Určenie optima kvality životného prostredia na makroekonomickej úrovni. Environmentálna politika ako nástroj ochrany životného prostredia. Environmentálna politika Európskej únie. 
610 2 0 |a ekonómia 
610 2 0 |a teórie ekonomické 
610 2 0 |a prostredie životné 
610 2 0 |a politika environmentálna 
610 2 0 |a Európska únia 
610 2 0 |a ochrana prostredia životného 
100 1 |a Romančíková, Eva